000 00649nam a22002177a 4500
003 0
005 20241118143320.0
008 241118b xxu||||| |||| 00| 0 eng d
020 _a9780357625309
050 _aHQ 769
_b.M55 2023
100 _aMiller, Darla Ferris,
_eauthor.
245 _aPositive child guidance /
_cDarla Ferris Miller.
250 _a9th ed.
260 _aBoston, MA :
_bCengage,
_cc2023.
300 _axxv, 358 p. :
_bcol. ill. ;
_c28 cm.
504 _aIncludes bibliographical references and index.
650 _aChild rearing
_zUS.
650 _aChild development
_zUS.
650 _aChild psychology
_zUS.
942 _2lcc
_cBK
999 _c366753
_d366753